El sistema de los objetos

Zapisane w:
Opis bibliograficzny
1. autor: Baudrillard, Jean (Autor)
Format: Książka
Język:hiszpański
Wydane: Ciudad de México Siglo Veintiuno 1969
Wydanie:1a. ed
Seria:Teoría
Hasła przedmiotowe:
Etykiety: Dodaj etykietę
Nie ma etykietki, Dołącz pierwszą etykiete!

MARC

LEADER 00000cam a2200000 a 4500
001 UCX5319
003 CL-VaPUC
008 921022e19690000MX |||||||||||||||||spa|d
020 |a 9789682303470 
082 0 4 |a 303.483  |b BAU  |2 21 
100 0 |a Baudrillard, Jean  |e author  |9 321594 
245 1 3 |a El sistema de los objetos 
250 |a 1a. ed 
300 |a 229 p 
942 |c BK 
945 |d 19921022 00:00:00 
260 |a Ciudad de México  |b Siglo Veintiuno  |c 1969 
650 7 |a TECNOLOGIA Y CIVILIZACION  |2 CL-VaPUC  |9 312103 
650 7 |a CONSUMO ECONOMIA ASPECTOS SOCIALES  |2 CL-VaPUC  |9 321595 
650 0 |a Valores (Filosofía)  |9 256541 
583 |a last modification  |c 20131216 03:53:55  |k Rodrigo Vera 
490 0 |a Teoría 
999 |c 225604  |d 225602 
952 |0 0  |1 0  |4 0  |6 303_483000000000000_BAU_1969  |7 0  |8 A  |9 223278  |a BIBHIS  |b BIBHIS  |d 2019-11-15  |i 2920905  |o 303.483 BAU 1969  |p 2920905  |r 2025-01-20  |w 2019-11-15  |y BK  |k HIS 
952 |0 0  |1 0  |3 erb  |4 0  |6 303_483000000000000_BAU_1969  |7 0  |8 A  |9 223279  |a BIBART  |b BIBART  |i 5037530  |l 2  |m 2  |o 303.483 BAU 1969  |p 5037530  |r 2025-03-13  |s 2024-10-24  |w 2019-11-15  |y BK  |z Catalogado en:20131220  |k ART